[Event "GBR-ch Major 98th"]
[Site "Sheffield"]
[Date "2011.07.25"]
[Round "1"]
[White "Farshad, Ai"]
[Black "Sugden, John N"]
[Result "0-1"]
[WhiteElo "1920"]
[BlackElo "2172"]
[PlyCount "122"]
[EventDate "2011.07.25"]
[EventType "swiss"]
[EventRounds "11"]
[EventCountry "ENG"]
[SourceTitle "EXT 2012"]
[Source "ChessBase"]
[SourceDate "2011.11.24"]
[SourceVersion "1"]
[SourceVersionDate "2011.11.24"]
[SourceQuality "1"]

1. d4 Nf6 2. Bf4 b6 3. e3 Bb7 4. Nf3 g6 5. h3 Bg7 6. Be2 d6 7. 0-0 0-0 8. Bh2 Nbd7 9. Re1 Re8 10. c4 e5 11. Nc3 e4 12. Nd2 Bh6 13. Rc1 Qe7 14. b4 Rac8 15. a4 Red8 16. a5 c6 17. b5 bxa5 18. Qa4 c5 19. d5 Nb6 20. Qxa5 Ra8 21. Qa2 Bc8 22. Qc2 Re8 23. Ra1 Bf8 24. Ra3 h5 25. Rea1 Bf5 26. Ra6 Qc7 27. Na4 Reb8 28. Nb3 Bc8 29. Ra5 Qd8 30. Qa2 Nxa4 31. Rxa4 a6 32. Nd2 Bg7 33. Rb1 Rb6 34. Qc2 Bf5 35. bxa6 Rbxa6 36. Rxa6 Rxa6 37. g4 hxg4 38. hxg4 Nxg4 39. Bxg4 Bxg4 40. Nxe4 Bf5 41. f3 Ra3 42. Re1 Rc3 43. Qe2 Bxe4 44. fxe4 Rxe3 45. Qxe3 Bd4 46. Kf2 Bxe3+ 47. Rxe3 f6 48. Rb3 g5 49. Kf3 Kf7 50. Rb7+ Kg6 51. Bg3 Qa8 52. Rd7 Qa3+ 53. Kg4 Qd3 54. Rxd6 Qxe4+ 55. Kh3 Qxc4 56. Rd8 Qf1+ 57. Kh2 f5 58. Rg8+ Kh5 59. d6 f4 60. d7 fxg3+ 61. Kxg3 Qd3+ 0-1